Focus (Record no. 82398)
[ view plain ]
| 000 -LEADER | |
|---|---|
| fixed length control field | 01131cab a22002295a 4500 |
| 001 - CONTROL NUMBER | |
| control field | L150107 |
| 008 - FIXED-LENGTH DATA ELEMENTS--GENERAL INFORMATION | |
| fixed length control field | 100602e20100529xxk f 000 0 eng d |
| 035 ## - SYSTEM CONTROL NUMBER | |
| System control number | (Sirsi) u150107 |
| 041 0# - LANGUAGE CODE | |
| Language code of text/sound track or separate title | eng |
| 100 1# - MAIN ENTRY--PERSONAL NAME | |
| Personal name | Jack, Simon |
| 245 00 - TITLE STATEMENT | |
| Title | Focus |
| Remainder of title | South Yorkshire |
| 260 ## - PUBLICATION, DISTRIBUTION, ETC. | |
| Date of publication, distribution, etc. | 2010 |
| 490 ## - SERIES STATEMENT | |
| Series statement | Estates Gazette |
| Volume/sequential designation | (1021) 29 May 2010, 71-81(10) |
| 520 ## - SUMMARY, ETC. | |
| Summary, etc. | Examines the effect that regeneration funding from the EU has had upon Sheffield. Considers the way forward for Sheffield Council following the departure of its chief executive, and looks at key contenders for the job. Suggests creating the position of an elected, political mayor in Doncaster has been a success. Considers whether the major commercial development of Humber Quays in Hull is likely to attract occupiers. Looks at the residential market across the region, identifying problems encouraging developers to move outside the main cities. |
| 590 ## - LOCAL NOTE (RLIN) | |
| Local note | KA |
| 651 #4 - SUBJECT ADDED ENTRY--GEOGRAPHIC NAME | |
| Geographic name | Yorkshire |
| Chronological subdivision | 1888- |
| 690 ## - LOCAL SUBJECT ADDED ENTRY--TOPICAL TERM (OCLC, RLIN) | |
| Topical term or geographic name as entry element | PROPERTY-COMMERCIAL PROPERTY-COMMERCIAL PROPERTY MARKET |
| 700 1# - ADDED ENTRY--PERSONAL NAME | |
| Personal name | Pilkington, Lisa |
| 700 1# - ADDED ENTRY--PERSONAL NAME | |
| Personal name | Quinn, David |
| 700 1# - ADDED ENTRY--PERSONAL NAME | |
| Personal name | Smith, Melanie |
| 942 ## - ADDED ENTRY ELEMENTS (KOHA) | |
| Suppress in OPAC | 0 |
| Withdrawn status | Lost status | Source of classification or shelving scheme | Damaged status | Not for loan | Home library | Current library | Shelving location | Date acquired | Total Checkouts | Full call number | Barcode | Date last seen | Copy number | Price effective from | Koha item type |
|---|---|---|---|---|---|---|---|---|---|---|---|---|---|---|---|
| Dewey Decimal Classification | Virtual | Virtual | Journal article | 02/06/2010 | L150107 | 150107-2001 | 06/08/2019 | 1 | 06/08/2019 | Journal article |